| 000 | 00518nam a2200169 4500 | ||
|---|---|---|---|
| 001 | 139424 | ||
| 003 | ES-MaACL | ||
| 005 | 20230906195812.0 | ||
| 007 | t| | ||
| 008 | 070214s1979 sp r ||||1| spa d | ||
| 100 | 1 |
_aSchaff, Adam. _9104204 |
|
| 245 | 1 | 3 |
_aLa alienación como fenómeno social / _cAdam Schaff ; traducción castellana de Alejandro Venegas. |
| 260 |
_aBarcelona : _bCrítica, _c1979. |
||
| 300 |
_a366 p. ; _c20 cm. |
||
| 700 | 1 |
_aVenegas, Alejandro. _9113885 |
|
| 852 |
_aES-MaACL _jA-10858 _bR.99962 |
||
| 999 |
_c139424 _d139424 |
||